zpět

Detail výsledku týmu

U Lucerny ČT, Brno

Datum a čas kvízu

15 Celkem bodů Celkový počet nahraných bodů na tomto kvízu bez doplňovacích otázek.
8. Pořadí na kvízu Konečné umístění týmu na tomto kvízu.

Zaznamenané odpovědi

# Otázka Odpověď Body Výsledky
1. Jedinou ženou zvolenou v pátek... Žídková 0
2. Po téměř šestileté přestávce s... Victoria’s Secret 1
3. Minulý týden měla premiéru fil... Výjimečný stav, Jan Hřebejk 0
4. Výrobce obuvi Crocs přišel s o... pro psy 0
5. Minulý týden proběhla ve španě... enduro / (terénní) motocykly 0
6. Tentokrát se v gastronomickém... konvektomat 1
7. Napište dvě slova pocházející... sous-vide 1
8. Nyní se podíváme na symboly, k... č. 4 0
9. Napište značku nádobí, kterou... Remoska 0
10. Tuto sadu příborů používáme př... šneci/ hlemýždi 1